| 000 | 00418nam a2200181Ia 4500 | ||
|---|---|---|---|
| 001 | 405 | ||
| 005 | 20260306140515.0 | ||
| 008 | 260306t1990||||xx |||||||||||||| ||spa|| | ||
| 041 | _aESP | ||
| 082 |
_a110 _bM58 |
||
| 100 |
_aMillán-Puelles, Antonio, _eAUT |
||
| 245 | 0 | _aTeoría del objeto puro | |
| 260 | _c1990 | ||
| 300 |
_a836 páginas : _c24 cm. |
||
| 650 | _aGEN | ||
| 654 | _aCHU | ||
| 942 |
_cLIB _dJUS _fJUS _2ddc _n |
||
| 999 |
_c405 _d405 |
||